| 000 | 00426nam a2200133Ia 4500 | ||
|---|---|---|---|
| 008 | 210423s2007 xx 000 0 und d | ||
| 041 | _aeng | ||
| 082 | _a616.89 MACS | ||
| 100 | _aMACDOYALD (Alas Davis) | ||
| 245 | _aSolution focused therapy: theory research and practice. | ||
| 260 |
_aLos Angelis _bSage Publications _c2007 |
||
| 365 |
_b1635 _cINR |
||
| 906 | _afocused ; practice. ; research ; Solution ; theory ; therapy: | ||
| 999 |
_c175073 _d175073 |
||